| 000 | 00449nam a2200157 4500 | ||
|---|---|---|---|
| 001 | 148109 | ||
| 003 | ES-MaACL | ||
| 005 | 20230906202433.0 | ||
| 007 | t| | ||
| 008 | 070214s1969 sp r ||||1| spa d | ||
| 100 | 1 |
_aStaehlin, Carlos María. _9107843 |
|
| 245 | 1 | 0 |
_aIsrael en la historia / _cCarlos Staehlin. |
| 260 |
_aMadrid : _bApostolado de la Prensa, _c1969. |
||
| 300 |
_a223 p., 8 lám. ; _c20 cm. |
||
| 852 |
_aES-MaACL _jC-51694 _bR.69651 |
||
| 999 |
_c148109 _d148109 |
||